Wittgenstein, understanding and meaning : an analytical commentary on the Philosophical Investigations /

Bibliographic Details
Main Author: Baker, Gordon P.
Other Authors: Hacker, P. M. S. (Peter Michael Stephan), Wittgenstein, Ludwig, 1889-1951
Format: Book
Language:English
Published: Chicago : University of Chicago Press, 1980-
Subjects:

MARC

Tag First Indicator Second Indicator Subfields
LEADER 00000pam a2200000 a 4500
001 in00000084215
005 20151008055719.0
008 790523m19809999ilu b 00110 engm
010 |a  79015740  
020 |a 0226035263 
035 |a (OCoLC)05101409 
035 |9 AAJ4186AM 
040 |a DLC  |c DLC  |d m.c.  |d TXA  |d UtOrBLW 
049 |a TXAM   |v  1 [1481905] 
050 0 0 |a B3376.W563  |b P5322 
082 0 |a 192 
100 1 |a Baker, Gordon P. 
245 1 0 |a Wittgenstein, understanding and meaning :  |b an analytical commentary on the Philosophical Investigations /  |c G.P. Baker & P.M.S. Hacker. 
264 1 |a Chicago :  |b University of Chicago Press,  |c 1980- 
300 |a volumes ;  |c 24 cm. 
336 |a text  |b txt  |2 rdacontent 
337 |a unmediated  |b n  |2 rdamedia 
338 |a volume  |b nc  |2 rdacarrier 
504 |a Includes bibliographical references and index. 
600 1 0 |a Wittgenstein, Ludwig,  |d 1889-1951.  |t Philosophische Untersuchungen. 
650 0 |a Philosophy. 
650 0 |a Language and languages  |x Philosophy. 
650 0 |a Semantics (Philosophy) 
700 1 |a Hacker, P. M. S.  |q (Peter Michael Stephan) 
700 1 2 |a Wittgenstein, Ludwig,  |d 1889-1951.  |t Philosophische Untersuchungen.  |l English.  |f 1980. 
999 |a MARS 
999 f f |s d18ee9ab-85d9-3f17-a220-4be9c679d36a  |i 1b95012d-5517-349d-8b0b-8bc40b733431  |t 0 
952 f f |p normal  |a Texas A&M University  |b College Station  |c Sterling C. Evans Library  |d Evans: Library Stacks  |t 0  |e B3376.W563 P5322  |h Library of Congress classification  |i unmediated -- volume  |k v.1  |m A14806008451 
998 f f |a B3376.W563 P5322  |s V.1  |t 0  |l Evans: Library Stacks